Words when Rearranged become One Piece Characters - Statistics

General Stats
  • This quiz has been taken 42 times
  • The average score is 9 of 13
Answer Stats
Hint Answer % Correct
Orzo Zoro
100%
Macro Marco
97%
Main Nami
97%
Boa's Sabo
94%
Ole Leo
91%
Gink King
88%
Alfaki Kalifa
81%
Litu Ulti
78%
Gaurs Sugar
47%
Carbo Cobra
44%
Bolter Trebol
41%
Animated Diamante
38%
Loading Galdino
38%
No matching quizzes found
Score Distribution
Percent of People with Each Score
Percentile by Number Answered
Your Score History
You have not taken this quiz